=LDR 00000nam 2200000 4500 =001 INLIS000000000034806 =005 20130612140711 =008 ***********************************ind** =035 ##$$0010-061300000034806 =041 ##$$a ind =082 ##$$a 813 =090 ##$$a 813, Noo p =100 ##$$a NOOR, Amiruddin =245 ##$$a Putri melayu, Kisah cinta dan perjuangan seorang gadis melayu di tengah kecamuk pembantaian, Amiruddin Noor ; penyunting, Gunawan B.S =260 ##$$a 2009 $b Yogyakarta =300 ##$$a 428 hlm, 20 cm =650 ##$$a Fiksi Indonesia - Dewasa =700 ##$$a Gunawan, B.S =850 ##$$a NBPNMAT